000 00447nam a2200181Ia 4500
008 151121s9999||||xx |||||||||||||| ||und||
082 _a032/Bar
082 _bHNW-18268
100 _aBarker L।।-Edi।
245 _aPears Cyclopaedia
260 _bPelham Books
260 _c--
600 _aBarker L।।-Edi।
630 _aPears Cyclopaedia
700 _aBarker L।।-Edi।
730 _aPears Cyclopaedia
942 _cBOOK
999 _c1220201
_d1220198